|
|
|
|
| LEADER |
00000cam a22000004a 4500 |
| 001 |
musev2_78685 |
| 003 |
MdBmJHUP |
| 005 |
20230905052121.0 |
| 006 |
m o d |
| 007 |
cr||||||||nn|n |
| 008 |
180118s2018 uik o 00 0 eng d |
| 020 |
|
|
|a 9781526122568
|
| 020 |
|
|
|z 9781784993214
|
| 020 |
|
|
|z 1526122561
|
| 035 |
|
|
|a (OCoLC)1029423896
|
| 040 |
|
|
|a MdBmJHUP
|c MdBmJHUP
|
| 100 |
1 |
|
|a Barrett, Gavin
|4 aut
|
| 245 |
1 |
4 |
|a The evolving role of national parliaments in the European Union :
|b Ireland as a case study
|
| 264 |
|
1 |
|a Manchester :
|b Manchester University Press,
|c 2018
|
| 264 |
|
3 |
|a Baltimore, Md. :
|b Project MUSE,
|c 2021
|
| 264 |
|
4 |
|c ©2018
|
| 300 |
|
|
|a 1 online resource (360 pages).
|
| 336 |
|
|
|a text
|b txt
|2 rdacontent
|
| 337 |
|
|
|a computer
|b c
|2 rdamedia
|
| 338 |
|
|
|a online resource
|b cr
|2 rdacarrier
|
| 505 |
0 |
|
|a Indhold: The development of a role for national parliaments in the European Union ; Why are we augmenting the role of national parliaments in European affairs? Should we continue to do so? ; A slow adaptor? Eliciting a response from the Irish parliament to European integration ; The Lisbon Treaty and economic crisis : catalysts for reform of the Oireachtas role in European Union affairs ; Where we stand now : an overview of the role of the Oireachtas in European Union affairs ; Looking to the future : reflections on how the role of the Irish parliament in European affairs might be improved
|
| 588 |
|
|
|a Description based on print version record.
|
| 610 |
2 |
4 |
|a Europaeiske Union
|
| 650 |
|
4 |
|a historie
|
| 650 |
|
4 |
|a europaeisk samarbejde
|
| 650 |
|
4 |
|a okonomiske forhold
|
| 650 |
|
4 |
|a politiske forhold
|
| 651 |
|
4 |
|a Irland
|
| 651 |
|
4 |
|a Europa
|
| 655 |
|
7 |
|a Electronic books.
|2 local
|
| 710 |
2 |
|
|a Project Muse.
|e distributor
|
| 830 |
|
0 |
|a Book collections on Project MUSE.
|
| 856 |
4 |
0 |
|z Texto completo
|u https://projectmuse.uam.elogim.com/book/78685/
|
| 945 |
|
|
|a Project MUSE - Custom Collection
|